| 000 | 00959nam a2200265 4500 | ||
|---|---|---|---|
| 003 | OSt | ||
| 005 | 20221027130146.0 | ||
| 008 | 220506r2017 ck ||||gr|||| 00| 0 spa d | ||
| 020 | _a9789589728855 | ||
| 040 |
_aCO-JMCR _cCO-JMCR |
||
| 041 | 0 | _aspa | |
| 082 | 0 | 4 |
_a158.1 / _bD946p _223 |
| 100 | 1 |
_aDuque Linares, Jorge, _eautor _942072 |
|
| 245 | 1 | 0 |
_aPrincipios básicos para triunfar / _cJorge Duque Linares |
| 250 | _aDuodécima edición | ||
| 260 |
_aBogotá : _bPanamericana, _c2017 |
||
| 300 |
_a243 páginas ; _c22 cm |
||
| 490 | 0 |
_aActitud positiva ; _v2 |
|
| 504 | _aBibliografía: página 241 | ||
| 505 | 0 | _aPrincipios básicos -- Conózcase a sí mismo -- Preocúpese por ser íntegro -- Ámese a sí mismo -- Motívese a sí mismo -- Valórese a sí mismo -- Comprométase a sí mismo | |
| 650 | 1 | 4 |
_aActitud (Psicología) _92510 |
| 650 | 1 | 4 |
_aAutoestima (Psicología) _942442 |
| 650 | 2 | 4 |
_aSuperación personal _92507 |
| 942 |
_2ddc _cBK |
||
| 999 |
_c29220 _d15874 |
||